Quizzes
Events
Quiz Creation
Community
Videos
Private Events
Remove Ads
Sign In
Join for FREE
Feedback
Dark Mode
Quiz Categories
Sports
Geography
Music
Movies
Television
Just For Fun
Miscellaneous
History
Literature
Language
Science
Gaming
Entertainment
Religion
Holiday
For Kids
Quiz Lab
Recent
Popular Today
Quiz Kudos Today
Editor Picks
Curator Picks
Quizzes by...
Day
Popularity
Type
Ratings
Length
Year
Community
Subscriptions
Recent Discussions
Orange Saloon
Badges
Playlists
Quests
Create
Leaderboards
Showdown
Live 5
Trivia Bingo
Activity
Puzzle Library
Sporcle Events
Private Events
Virtual Trivia
Globe League
Become a Host
Pub Owners
SporcleCon
Opinionation
Our Games
Videos
Blog
Mobile Apps
Partnerships
Remove Ads and Go Orange
Feedback
Movies
Disney
Marvel Cinematic Universe
Movie Resume
Movie Titles
Oscar
Actor
Actress
Director
Pixar
Role
Movie Quotes
Movie Characters
Box Office
Nominee
Best Picture
Star Wars
James Bond
Horror Movies
Movies
Disney
Marvel Cinematic Universe
Movie Resume
Movie Titles
Oscar
Actor
Actress
Director
Pixar
Role
Movie Quotes
Movie Characters
Box Office
Nominee
Best Picture
Star Wars
James Bond
Horror Movies
Random Quiz
Search Sporcle
×
Quiz Lab
Quiz Lab
Movies
Worldwide
Type in answers that appear in a list
Type in answers that appear in a list
Classic
Best Score? Go Orange.
Top 15 Jonah Hill Films (Worldwide) Stats
Can you name the Top 15 Jonah Hill Films (Worldwide)
By
Movie01
10m
15 Questions
83 Plays
83 Plays
83 Plays
Comments
Comments
Give Quiz Kudos
Give Quiz Kudos
-
- Ratings
hide this ad
Replay
Link that replays current quiz
Next Quiz
Link to next quiz in quiz playlist
You Got
0%
They Got
Avg Score
42%
Avg Friend Score
Upgrade to see
Score Distribution
Jump to the score distribution portion of the page
Score
0/15
Timer
10:00
0
Plays Today
Worldwide
Film
% Correct
169,900,000
Superbad
95.2%
124,500,000
This is the End
84.3%
110,200,000
Moneyball
72.3%
201,600,000
21 Jump Street
71.1%
219,100,000
Knocked Up
62.7%
177,400,000
The 40-Year-Old Virgin
49.4%
105,200,000
Forgetting Sarah Marshall
42.2%
91,300,000
Get Him to the Greek
34.9%
Worldwide
Film
% Correct
425,400,000
Django Unchained
33.7%
321,900,000
Megamind
24.1%
494,900,000
How to Train Your Dragon
20.5%
297,100,000
Dr. Seuss' Horton Hears a Who!
20.5%
237,700,000
Click
12%
173,400,000
Evan Almighty
12%
413,100,000
Night at the Museum: Battle of the Smithsonian
8.4%
Quiz Playlist
Details
Report
Send in Message
Add To Playlist
Classic:
Type in answers that appear in a list
Last Updated: Feb 16, 2017
Quiz Scoreboard
CHALLENGE
Sign Up to Join the Scoreboard
Show All
Scores
Hide
Comments
May contain spoilers
Recently Published
9x9 Crossword: Cartoon Network
by jackfrog10
Miscellaneous
3m
College Basketball Coaching Resumes
by pancakes188
Sports
9m
Billboard Blitz: Fleetwood Mac
by CooCooCachoo
Music
15s
More to Explore
Quiz From the Vault
Featured Blog Post
Where Did the Easter Bunny Come From?
hide this ad
You Might Also Like...
Tags
hill
jonah
Jonah Hill
Top 15
Worldwide
Today's Top Quizzes in Movies
Browse Movies
hide this ad
Today's Top Quizzes in Worldwide
Browse Worldwide
Top Contributed Quizzes in Movies
1
Pick 5 Posters: Directed by Spielberg
2
7-to-1: Pixar Characters
3
Pick 5 Posters: Lowest-Rated Spielberg
4
Sorting Actors
5
Sorting Actresses
6
Pick 5 Posters: Directed by Scorsese
7
Hidden Star Wars Character II
8
Pick 5 Posters: Star & Director
9
Hidden Star Wars Character III
10
12 Movies about Fictional 1960s Events
Explore More
Trending Topics
NBA
Harry Potter
Disney
Kpop
Marvel
Anime
Crossword
Pokémon
Soccer
WWE
The Office
Puzzle
Country
Song
NFL
hide this ad
More By:
Movie01
Quiz
Plays
Rating
Category
Featured
Created
Top 50 films
379
2.22
Movies
Nov 2, 2013
Top 12 Grossing Leonardo DiCaprio films (worldwide)
204
3.00
Movies
Nov 6, 2013
Top 20 grossing Bruce Willis Films (World Wide)
192
2.00
Movies
Nov 2, 2013
Top 15 Jonah Hill Films (Worldwide)
83
3.00
Movies
Nov 6, 2013
Top 10 Movie Idiots
81
1.00
Movies
Nov 2, 2013
Go to Creator's Profile
Score Distribution
Quiz Creator Spotlight
Movie01
Follow
Send a Message
Quizzes Created
-
Created Quiz Play Count
-
More By This Creator
Popular Quizzes Today
1
Find the US States - No Outlines Minefield
2
Find the Countries of Europe - No Outlines Minefield
3
The Countries of the World
4
Find the US States
5
Risky Map Clicking: Biggest States A-Z
6
US States
7
Popular People in 1961
8
Movies - When Are They Set?
More Movies Quizzes
Mark Wahlberg Remakes
Published
Trending Quizzes
Risky Map Clicking: Least Populous States A-Z
1-10 Letter G Words
1-10 Letter F Words
Risky Map Clicking: Next State Alphabetically
Adjectives in 80s TV Shows
Recently Updated
Leaping Animals
pecheneg
Reality TV Shows (A-Z)
bhenderson79
Rickey Henderson's Hall of Fame Teammates
pecheneg
Champions League XIs: Arsenal
pecheneg
Quick Pick: Celebrities in WWE's Hall of Fame
aduchscher
A-Z Keypad Blitz II
pecheneg
Multiple Oscar Actors
pecheneg
Mystery Phrase Blitz: Oscar 'Best Actors'
pecheneg
F. Scott Fitzgerald Novels
LTH
Pick 3 Villains
ddd62291
Trending Topics
NBA
Harry Potter
Marvel
Anime
Kpop
Crossword
Disney
NFL
Pokémon
WWE
The Office
Puzzle
Song
Country
Soccer
Your Account Isn't Verified!
In order to create a playlist on Sporcle, you need to verify the email address you used during registration. Go to your
Sporcle Settings
to finish the process.
Report this User
Report this user for behavior that violates our
Community Guidelines
.
Details:
Send Report
Go to the Sporcle.com Mobile Site →
Comments